| 000 | 00473nam a2200181Ia 4500 | ||
|---|---|---|---|
| 003 | GCL | ||
| 008 | 140319s9999 xx 000 0 ara d | ||
| 040 |
_aGCL / _cGCL |
||
| 082 | 0 | 4 |
_a818.03 _bا ح |
| 100 | 1 | _aاحمد امين | |
| 245 | 1 | 0 |
_aحياتى / _cاحمد امين |
| 260 |
_a[S.N] : _bمكتبة النهضة المصرية |
||
| 300 | _a257 ص | ||
| 490 | _a | ||
| 650 | 0 | 4 | _aالمذكرات |
| 650 | 0 | 4 | _aالتراجم الذاتية |
| 942 |
_2ddc _cBK |
||
| 999 |
_c29764 _d29764 |
||